| 000 | 00603nam a2200205 i 4500 | ||
|---|---|---|---|
| 001 | 86353 | ||
| 003 | ES-MaACL | ||
| 005 | 20250807211030.0 | ||
| 007 | t| | ||
| 008 | 041209s1955 sp ||||1| spa d | ||
| 100 | 1 |
_aKetter, Peter. _967964 |
|
| 245 | 1 | 4 |
_aLas mujeres en la Iglesia primitiva / _cPeter Ketter. |
| 260 |
_aMadrid : _bAtenas, _c[1955] ( _fHelénica) |
||
| 300 |
_a286 p. ; _c22 cm. |
||
| 490 | 1 | _aApostolado femenino | |
| 650 | 0 | 7 |
_aMujeres en el cristianismo _2embne _915332 |
| 830 | 0 |
_aApostolado femenino _9183999 |
|
| 852 |
_aES-MaACL _jC-10077 _bR.37616 |
||
| 999 |
_c86353 _d86353 |
||